La Gestió local dels nous usos del temps : jornada : 13 de maig de 2010 jornada :
Descripción Física:
[76] p. ; 29 cm
MARC
| LEADER | 00000nam a2200000Ia 4500 | ||
|---|---|---|---|
| 001 | 23159 | ||
| 003 | BGR | ||
| 005 | 20260324180045.0 | ||
| 008 | 160829s2010 xx 000 0 cat d | ||
| 080 | |a M-6-400 | ||
| 111 | 1 | |a La gestió local dels nous usos del temps |c (Barcelona : |d 2010) |9 68603 | |
| 245 | |a La Gestió local dels nous usos del temps : |b jornada : |b 13 de maig de 2010 | ||
| 260 | |a Barcelona : |b Diputació de Barcelona. Àrea d'Igualtat i Ciutadania, |c 2010 | ||
| 300 | |a [76] p. ; |c 29 cm | ||
| 650 | |a Temps |x Aspectes sociològics |x Barcelona (Província) |9 42110 | ||
| 650 | |a Temps |x Organització |x Barcelona (Província) |9 42111 | ||
| 710 | |a Barcelona (Catalunya : Província). |b Àrea d'Igualtat i Ciutadania |9 7840 | ||
| 901 | |a Arxiu | ||
| 942 | |n 1 |2 udc |c JC | ||
| 952 | |0 0 |1 0 |4 0 |6 M6400 |7 1 |9 52311 |a Arxiu |b Arxiu |d 2016-12-01 |l 0 |o M-6-400 |p 23159 |r 2016-12-01 00:00:00 |w 2016-12-01 |y ARXIU | ||
| 999 | |c 56159 |d 56159 | ||